000 00821nas a2200241 4500
001 BR2012009548
003 BR-BrBNA
005 20231205121628.0
007 ta
008 230509b bl.|||p| |||| 00| 00por d
040 _aBR-BrBNA
_bpor
_cBiblioteca Nacional de Agricultura
041 _a(Pt)
072 _aF70
100 1 _aCosta, J.M.
100 1 _aPietrobom, M.R.
245 1 _aPteridófitas (Lycophya e Monilophyta)da Ilha de Mosqueiro, município de Belém, estado do Pará, Brasil
650 _aSAMAMBAIA
650 _aCOMPOSIÇÃO BOTÂNICA
650 _aDISTRIBUIÇÃO GEOGRÁFICA
773 0 _tBoletim do Museu Paraense Emílio Goeldi. Ciências Naturais (Brazil)
_xISSN 1981-8114
_g(Sep-Dec 2007), v. 2(3) p. 45-56
_wBR2012009548
909 _a202311
_bLúcia
_c55
_dLúcia Elande
942 _2AGRIS
_n0
_cANA
999 _c224455
_d224455